01397nam a22003494a 4500001001100000003000800011006001900019007001500038008004100053010001700094020004000111020002200151040002100173035002000194050002400214082001900238100002500257245011800282260005500400300001500455490005400470504006800524533015200592650002900744650002700773650001800800655002900818710001700847830004300864856012500907999001501032ebr5004968CaPaEBRm u cr cn|||||||||010306s2001 ne sb 001 0 eng  z 2001025601 z1588110710 (US : pbk. : alk. paper) z9027233047 (Eur.) aCaPaEBRcCaPaEBR a(OCoLC)7076521214aHF5719b.R48 2001eb04a808/.066652211 aRhodes, Carl,d1967-10aWriting organizationh[electronic resource] :b(re)presentation and control in narratives at work /cCarl Rhodes. aAmsterdam ;aPhiladelphia :bJ. Benjamins,cc2001. axv, 133 p.1 aAdvances in organization studies,x1566-1075 ;v7 aIncludes bibliographical references (p. [119]-126) and indexes. aElectronic reproduction.bPalo Alto, Calif. :cebrary,d2013.nAvailable via World Wide Web.nAccess may be limited to ebrary affiliated libraries. 0aBusiness report writing. 0aResearchxMethodology. 0aOrganization. 7aElectronic books.2local2 aebrary, Inc. 0aAdvances in organization studies ;v7.40uhttp://site.ebrary.com/lib/rucke/Doc?id=5004968zAn electronic book accessible through the World Wide Web; click to view c1464d1464